Reforma de la Ley de Procedimiento Tributario Nacional (Registro nro. 34806)

Detalles MARC
000 -LEADER
fixed length control field 00324 a2200109 4500
001 - CONTROL NUMBER
control field ART_45192
005 - DATE AND TIME OF LATEST TRANSACTION
control field 20260410162040.0
008 - FIXED-LENGTH DATA ELEMENTS--GENERAL INFORMATION
fixed length control field 260409a
100 1# - MAIN ENTRY--PERSONAL NAME
Personal name Melzi, Flavia Irene
245 10 - TITLE STATEMENT
Title Reforma de la Ley de Procedimiento Tributario Nacional
773 0# - HOST ITEM ENTRY
Title Impuestos
Related parts - Nº 20 (ene. 2018)
Record control number REV45175

No hay ítems disponibles.